000 00609nam a2200241Ia 4500
003 OSt
005 20221005114100.0
006 a|||||r|||| 00| 0
007 ta
008 221004b |||||||| |||| 00| 0 mal d
024 _a56377
037 _cTextual
040 _aCRL
_cCRL
_bmal
041 _2mal
_amal
082 _aO32,1MPKR,2, J6
100 _aNayar Kunji Raman
_9625421
245 0 _aAnandan kathil
260 _c1956
300 _a72
_ccm.
650 _aMALAYALAM POETRY
_9185636
942 _hO32,1MPKR,2, J6
_cTEXL
_2cc
999 _c1030187
_d1030187